[Event "ITA-ch U20"]
[Site "Castione"]
[Date "2009.08.27"]
[Round "7"]
[White "De Nardi, Riccardo"]
[Black "Coladangelo, Andrea"]
[Result "1/2-1/2"]
[WhiteElo "2077"]
[BlackElo "1885"]
[PlyCount "120"]
[EventDate "2009.08.21"]
[EventType "swiss"]
[EventRounds "9"]
[EventCountry "ITA"]
[SourceTitle "EXT 2011"]
[Source "ChessBase"]
[SourceDate "2010.11.26"]
[SourceVersion "1"]
[SourceVersionDate "2010.11.26"]
[SourceQuality "1"]

1. e4 c5 2. Nf3 d6 3. d4 cxd4 4. Nxd4 Nf6 5. Nc3 a6 6. Be3 e5 7. Nb3 Be6 8. f3 Be7 9. Qd2 Nbd7 10. 0-0-0 b5 11. Qf2 Rb8 12. Kb1 Nb6 13. Bd3 Nc4 14. Bc1 Qc7 15. g4 b4 16. Ne2 a5 17. Ng3 a4 18. Nd2 Na3+ 19. bxa3 bxa3+ 20. Nb3 axb3 21. cxb3 d5 22. g5 Nd7 23. exd5 Bxd5 24. Bf5 Nb6 25. Be4 Be6 26. Qc2 Qxc2+ 27. Bxc2 0-0 28. Ne4 Rfd8 29. Rxd8+ Rxd8 30. Nc3 Nd5 31. Nxd5 Rxd5 32. Be4 Rd8 33. Be3 Bd5 34. Bxd5 Rxd5 35. Kc2 Bc5 36. Bxc5 Rxc5+ 37. Kd3 f5 38. gxf6 gxf6 39. b4 Rd5+ 40. Kc3 Kf7 41. Rb1 Ke6 42. Rb3 Rd1 43. Rxa3 Rf1 44. Kc4 Rf2 45. h3 Rh2 46. f4 exf4 47. b5 f3 48. Rxf3 Rxa2 49. b6 Rb2 50. Kc5 f5 51. Rc3 Ke5 52. Kc6 f4 53. Rc5+ Ke4 54. Rh5 f3 55. Rxh7 f2 56. Rf7 Ke3 57. b7 Ke2 58. Kc7 Rc2+ 59. Kd8 Rb2 60. Kc8 Rc2+ 1/2-1/2

[Event "Milan Crespi op-B 29th"]
[Site "Milan"]
[Date "2008.12.08"]
[Round "7"]
[White "Villalba, Fernando"]
[Black "Coladangelo, Andrea"]
[Result "1/2-1/2"]
[WhiteElo "1934"]
[BlackElo "1893"]
[PlyCount "108"]
[EventDate "2008.12.05"]
[EventType "swiss"]
[EventRounds "7"]
[EventCountry "ITA"]
[SourceTitle "EXT 2010"]
[Source "ChessBase"]
[SourceDate "2010.11.25"]
[SourceVersion "1"]
[SourceVersionDate "2010.11.25"]
[SourceQuality "1"]

1. d4 Nf6 2. Nf3 g6 3. Bf4 Bg7 4. h3 0-0 5. e3 d6 6. c3 Nbd7 7. Be2 Re8 8. 0-0 b6 9. Nbd2 Bb7 10. Bb5 Ne4 11. Nxe4 Bxe4 12. Ng5 Bb7 13. Qa4 c6 14. Bxc6 Bxc6 15. Qxc6 h6 16. Nf3 Rc8 17. Qa4 Qc7 18. Rad1 Qb7 19. Rfe1 b5 20. Qb3 d5 21. a4 a6 22. axb5 axb5 23. Ra1 Ra8 24. Ra3 Rxa3 25. Qxa3 Nb6 26. Nd2 Bf8 27. Qb3 Nc4 28. Nxc4 dxc4 29. Qc2 Ra8 30. e4 e6 31. Qd2 b4 32. Bxh6 bxc3 33. bxc3 Bxh6 34. Qxh6 Qb3 35. Qe3 Ra2 36. Rc1 Qb2 37. h4 Ra1 38. Rxa1 Qxa1+ 39. Kh2 Qd1 40. g3 Qd3 41. Kg2 Qd1 42. h5 Qxh5 43. Qf3 Qg5 44. e5 Qd2 45. Qe3 Qd1 46. Qf3 Qd2 47. g4 Kg7 48. Qe3 Qd1 49. g5 Kg8 50. f3 Kg7 51. Kg3 Kg8 52. Kf2 Qa4 53. Qd2 Qb5 54. Kg3 Kg7 1/2-1/2

[Event "Milan Crespi op-B 29th"]
[Site "Milan"]
[Date "2008.12.07"]
[Round "4"]
[White "Coladangelo, Andrea"]
[Black "Delledonne, Francesco"]
[Result "1/2-1/2"]
[WhiteElo "1893"]
[BlackElo "1938"]
[PlyCount "72"]
[EventDate "2008.12.05"]
[EventType "swiss"]
[EventRounds "7"]
[EventCountry "ITA"]
[SourceTitle "EXT 2010"]
[Source "ChessBase"]
[SourceDate "2010.11.25"]
[SourceVersion "1"]
[SourceVersionDate "2010.11.25"]
[SourceQuality "1"]

1. e4 c6 2. d4 d5 3. exd5 cxd5 4. c4 Nf6 5. Nc3 e6 6. Nf3 Bb4 7. Bd3 dxc4 8. Bxc4 Qc7 9. Qe2 0-0 10. 0-0 h6 11. Nb5 Qd8 12. Bf4 Na6 13. Rac1 Bd7 14. Nd6 Bc6 15. Nxb7 Bxb7 16. Bxa6 Bxf3 17. Qxf3 Qxd4 18. Bb7 Rad8 19. Bc7 Rd7 20. b3 Nd5 21. Rc4 Qd2 22. Bxd5 Qxd5 23. Qxd5 exd5 24. Rxb4 Rxc7 25. Rd4 Rd8 26. g3 Kf8 27. Rfd1 Rcd7 28. Kg2 Ke7 29. Kf3 Ke6 30. Ke3 Rc8 31. R1d2 Rc3+ 32. R2d3 Rxd3+ 33. Kxd3 Kd6 34. Ra4 Kc5 35. Ra5+ Kb4 36. Ra4+ Kc5 1/2-1/2

[Event "Milan Crespi op-B 29th"]
[Site "Milan"]
[Date "2008.12.04"]
[Round "1"]
[White "Marino, Marco"]
[Black "Coladangelo, Andrea"]
[Result "0-1"]
[WhiteElo "1797"]
[BlackElo "1893"]
[PlyCount "92"]
[EventDate "2008.12.05"]
[EventType "swiss"]
[EventRounds "7"]
[EventCountry "ITA"]
[SourceTitle "EXT 2010"]
[Source "ChessBase"]
[SourceDate "2010.11.25"]
[SourceVersion "1"]
[SourceVersionDate "2010.11.25"]
[SourceQuality "1"]

1. e4 c5 2. Nc3 Nc6 3. Nf3 d6 4. d4 cxd4 5. Nxd4 a6 6. Bc4 e6 7. 0-0 Nf6 8. Bb3 Be7 9. Be3 Qc7 10. a4 b6 11. Qe2 Bd7 12. Rfd1 0-0 13. f3 Rfc8 14. Nxc6 Bxc6 15. Rd2 Qb7 16. Rad1 b5 17. a5 Ne8 18. Qf2 Bd8 19. Qg3 Bxa5 20. Rd3 Bb6 21. Kh1 Bxe3 22. Rxe3 a5 23. Ne2 a4 24. Ba2 Bd7 25. Bb1 b4 26. h4 a3 27. bxa3 bxa3 28. Rb3 Qa6 29. Nc1 Bb5 30. Qf2 Bc4 31. Rb6 Qa7 32. Na2 Rc6 33. Rxc6 Qxf2 34. Rxc4 Qxh4+ 35. Kg1 Ra5 36. Nc1 Rh5 37. Rcd4 Qh2+ 38. Kf2 Rg5 39. Rg1 Nf6 40. Ra4 g6 41. Nd3 d5 42. exd5 Nxd5 43. Rxa3 Qg3+ 44. Ke2 Qc7 45. Rb3 Qa7 46. Nf2 Re5+ 0-1

[Event "ITA-ch U20"]
[Site "Bratto"]
[Date "2008.08.30"]
[Round "9"]
[White "Coladangelo, Andrea"]
[Black "Marsili, Riccardo"]
[Result "1/2-1/2"]
[WhiteElo "1866"]
[BlackElo "1817"]
[PlyCount "97"]
[EventDate "2008.08.22"]
[EventType "swiss"]
[EventRounds "9"]
[EventCountry "ITA"]
[SourceTitle "CBM 126 Extra"]
[Source "ChessBase"]
[SourceDate "2008.11.05"]
[SourceVersion "1"]
[SourceVersionDate "2008.11.05"]
[SourceQuality "1"]

1. e4 d5 2. exd5 Qxd5 3. Nc3 Qa5 4. d4 c6 5. Nf3 Nf6 6. Bd2 Bf5 7. Bc4 e6 8. 0-0 Bb4 9. a3 Bxc3 10. Bxc3 Qc7 11. Re1 0-0 12. Nh4 Bg6 13. Nxg6 hxg6 14. Re3 Rd8 15. Qe2 Nbd7 16. Rh3 Nd5 17. Bxd5 exd5 18. Qg4 Re8 19. Qh4 f6 20. Bb4 Kf7 21. Rg3 Re4 22. Qh7 g5 23. Qh5+ Kg8 24. Rh3 Rae8 25. Kf1 a5 26. Bc3 Nf8 27. Qh8+ Kf7 28. Qh5+ Ng6 29. Re1 Rxe1+ 30. Bxe1 Qf4 31. Qd1 g4 32. Rg3 f5 33. Qd2 Qd6 34. Kg1 Qf4 35. Kf1 Re4 36. Qxf4 Nxf4 37. Re3 Rxd4 38. Bxa5 Rd1+ 39. Be1 Ne6 40. Ke2 Rd4 41. g3 Rc4 42. Rc3 Rxc3 43. Bxc3 Nc5 44. Ke3 Ne4 45. Kd4 Ke6 46. Be1 c5+ 47. Kd3 Ke5 48. c4 g5 49. b4 1/2-1/2

[Event "ITA-ch U20"]
[Site "Bratto"]
[Date "2008.08.29"]
[Round "8"]
[White "Rombaldoni, Brian"]
[Black "Coladangelo, Andrea"]
[Result "1/2-1/2"]
[WhiteElo "1797"]
[BlackElo "1866"]
[PlyCount "144"]
[EventDate "2008.08.22"]
[EventType "swiss"]
[EventRounds "9"]
[EventCountry "ITA"]
[SourceTitle "CBM 126 Extra"]
[Source "ChessBase"]
[SourceDate "2008.11.05"]
[SourceVersion "1"]
[SourceVersionDate "2008.11.05"]
[SourceQuality "1"]

1. d4 Nf6 2. Nf3 g6 3. Bg5 Bg7 4. Nbd2 0-0 5. e4 d6 6. h3 Nbd7 7. Bc4 h6 8. Bh4 c6 9. Bb3 d5 10. Qe2 Qe8 11. Bg3 a5 12. a4 b6 13. e5 Nh5 14. Bh2 Bh8 15. e6 Nb8 16. exf7+ Qxf7 17. g4 Nf4 18. Bxf4 Qxf4 19. c3 Rf6 20. 0-0-0 Re6 21. Qd3 Ba6 22. c4 Nd7 23. Rhe1 Qf6 24. Rxe6 Qxe6 25. Re1 Qd6 26. Qe3 Kf8 27. Qxh6+ Bg7 28. Qe3 dxc4 29. Nxc4 Bxc4 30. Bxc4 Qb4 31. Qe6 Ke8 32. Qxg6+ Kd8 33. Qxg7 Qxc4+ 34. Kd2 Qb4+ 35. Ke3 Kc7 36. d5 Rf8 37. Nd2 Qf4+ 38. Kd3 Nc5+ 39. Kc2 Qxa4+ 40. Kb1 Nd7 41. Qxe7 cxd5 42. Rc1+ Kb7 43. Qd6 Rc8 44. Qxd5+ Kb8 45. Rxc8+ Kxc8 46. Qc4+ Qxc4 47. Nxc4 Kd8 48. Kc2 Ke7 49. Kd3 Kf6 50. h4 a4 51. f3 Ke6 52. h5 b5 53. Nd2 Nb6 54. h6 Kf6 55. g5+ Kg6 56. f4 Nd5 57. Ke4 Ne7 58. Nf3 b4 59. Ne5+ Kh7 60. Kd4 a3 61. bxa3 bxa3 62. Kc3 Nd5+ 63. Kb3 Nxf4 64. Ng4 Kg6 65. Ne5+ Kh7 66. Nd7 Kg6 67. Nf8+ Kf7 68. h7 Kg7 69. Kxa3 Nh3 70. g6 Nf4 71. Kb4 Nxg6 72. Nxg6 Kxh7 1/2-1/2

[Event "ITA-ch U20"]
[Site "Bratto"]
[Date "2008.08.28"]
[Round "7"]
[White "Piccirillo, Edoardo"]
[Black "Coladangelo, Andrea"]
[Result "1/2-1/2"]
[WhiteElo "2111"]
[BlackElo "1866"]
[PlyCount "74"]
[EventDate "2008.08.22"]
[EventType "swiss"]
[EventRounds "9"]
[EventCountry "ITA"]
[SourceTitle "CBM 126 Extra"]
[Source "ChessBase"]
[SourceDate "2008.11.05"]
[SourceVersion "1"]
[SourceVersionDate "2008.11.05"]
[SourceQuality "1"]

1. d4 Nf6 2. c4 g6 3. Nc3 Bg7 4. e4 d6 5. Nf3 0-0 6. Be2 e5 7. d5 a5 8. Bg5 h6 9. Bh4 Na6 10. Nd2 Qe8 11. 0-0 Nh7 12. a3 Bd7 13. Nb5 h5 14. f3 Bh6 15. Bf2 Qd8 16. Qc2 h4 17. Rfd1 b6 18. Nf1 f5 19. exf5 gxf5 20. Kh1 Kh8 21. Bd3 Qg5 22. Be1 Qh5 23. h3 Rg8 24. Nh2 Bf4 25. Bd2 Bxd2 26. Qxd2 Nc5 27. Qc2 Nxd3 28. Qxd3 Bxb5 29. cxb5 Rg7 30. Rg1 Nf6 31. Rad1 Qf7 32. Nf1 Nh5 33. Ne3 Rf8 34. Kh2 Qg6 35. Nf1 Nf4 36. Qc2 Rfg8 37. Rd2 Qf7 1/2-1/2

[Event "ITA-ch U20"]
[Site "Bratto"]
[Date "2008.08.27"]
[Round "6"]
[White "Coladangelo, Andrea"]
[Black "Serri, Cristiano"]
[Result "1-0"]
[WhiteElo "1866"]
[BlackElo "1542"]
[PlyCount "47"]
[EventDate "2008.08.22"]
[EventType "swiss"]
[EventRounds "9"]
[EventCountry "ITA"]
[SourceTitle "CBM 126 Extra"]
[Source "ChessBase"]
[SourceDate "2008.11.05"]
[SourceVersion "1"]
[SourceVersionDate "2008.11.05"]
[SourceQuality "1"]

1. e4 c5 2. Nf3 d6 3. d4 cxd4 4. Nxd4 Nf6 5. Nc3 e6 6. g4 a6 7. g5 Nfd7 8. Be3 Be7 9. h4 b5 10. f4 Bb7 11. a3 Nb6 12. Qh5 g6 13. Qf3 e5 14. Nb3 exf4 15. Bd4 Rg8 16. Qxf4 N8d7 17. Bh3 Nc4 18. 0-0-0 Nde5 19. Rhf1 Bc8 20. Bxc8 Rxc8 21. Nd2 Qa5 22. Nxc4 Rxc4 23. Bxe5 dxe5 24. Qxf7# 1-0

[Event "ITA-ch U20"]
[Site "Bratto"]
[Date "2008.08.26"]
[Round "5"]
[White "Coladangelo, Andrea"]
[Black "Locci, Damiano"]
[Result "0-1"]
[WhiteElo "1866"]
[BlackElo "2094"]
[PlyCount "58"]
[EventDate "2008.08.22"]
[EventType "swiss"]
[EventRounds "9"]
[EventCountry "ITA"]
[SourceTitle "CBM 126 Extra"]
[Source "ChessBase"]
[SourceDate "2008.11.05"]
[SourceVersion "1"]
[SourceVersionDate "2008.11.05"]
[SourceQuality "1"]

1. e4 Nc6 2. Nf3 d5 3. exd5 Qxd5 4. Nc3 Qa5 5. d4 Bg4 6. Bb5 0-0-0 7. Bxc6 bxc6 8. Qd3 Bxf3 9. Qxf3 e5 10. dxe5 Qxe5+ 11. Qe2 Qxe2+ 12. Nxe2 Bc5 13. 0-0 Nf6 14. Bg5 Rhe8 15. Nc3 Bd4 16. Rfe1 Ng4 17. Bh4 g5 18. Bg3 f5 19. h3 f4 20. Bh4 gxh4 21. hxg4 Rg8 22. Re7 Rxg4 23. Kf1 Rdg8 24. Rd1 Bc5 25. Rxh7 Rxg2 26. Ne4 f3 27. Ke1 Re8 28. Rdd7 Rxe4+ 29. Kd1 Rd4+ 0-1

[Event "ITA-ch U20"]
[Site "Bratto"]
[Date "2008.08.22"]
[Round "1"]
[White "Xia, Jie"]
[Black "Coladangelo, Andrea"]
[Result "0-1"]
[WhiteElo "2181"]
[BlackElo "1866"]
[PlyCount "88"]
[EventDate "2008.08.22"]
[EventType "swiss"]
[EventRounds "9"]
[EventCountry "ITA"]
[SourceTitle "CBM 126 Extra"]
[Source "ChessBase"]
[SourceDate "2008.11.05"]
[SourceVersion "1"]
[SourceVersionDate "2008.11.05"]
[SourceQuality "1"]

1. e4 c5 2. Nf3 d6 3. Nc3 Nc6 4. Bb5 Bd7 5. Bxc6 bxc6 6. d4 cxd4 7. Qxd4 e5 8. Qd3 Be7 9. 0-0 Nf6 10. Bg5 Qc7 11. Rad1 Rb8 12. Nd2 Be6 13. b3 Rd8 14. Rfe1 0-0 15. Nc4 Ne8 16. Bxe7 Qxe7 17. Nxe5 Qc7 18. Nf3 Nf6 19. Ne2 d5 20. e5 Ne4 21. Ng3 Nxg3 22. hxg3 h6 23. Qe3 c5 24. Qf4 Qd7 25. c4 d4 26. Nd2 Bf5 27. Ne4 Bxe4 28. Qxe4 Rfe8 29. Rd3 f5 30. Qe2 Re6 31. f4 a5 32. g4 fxg4 33. f5 Ra6 34. Qxg4 Rf8 35. Rf1 Kh8 36. Qf4 a4 37. Rh3 axb3 38. f6 bxa2 39. Rxh6+ gxh6 40. Qxh6+ Kg8 41. Qg6+ Kh8 42. Rf5 a1Q+ 43. Kh2 Ra7 44. f7 Qxf7 0-1

[Event "ITA-ch U16"]
[Site "Merano"]
[Date "2008.07.12"]
[Round "9"]
[White "Coladangelo, Andrea"]
[Black "Puleo, Diego"]
[Result "1-0"]
[WhiteElo "1866"]
[BlackElo "1914"]
[PlyCount "127"]
[EventDate "2008.07.06"]
[EventType "swiss"]
[EventRounds "9"]
[EventCountry "ITA"]
[SourceTitle "EXT 2011"]
[Source "ChessBase"]
[SourceDate "2010.11.26"]
[SourceVersion "1"]
[SourceVersionDate "2010.11.26"]
[SourceQuality "1"]

1. e4 c5 2. Nf3 d6 3. d4 cxd4 4. Nxd4 Nf6 5. Nc3 a6 6. Bg5 e6 7. f4 Be7 8. Qf3 Qc7 9. 0-0-0 0-0 10. g4 b5 11. Bxf6 Bxf6 12. g5 Bxd4 13. Rxd4 Nc6 14. Rd1 b4 15. Ne2 Bb7 16. Rg1 Rac8 17. Rd2 b3 18. a3 bxc2 19. Rxc2 Qb6 20. Rg3 Nd4 21. Nxd4 Qxd4 22. Bd3 Rxc2+ 23. Kxc2 Bc6 24. Kb1 Rb8 25. Qe2 Qa4 26. Bc2 Qd4 27. Bd3 a5 28. Rf3 g6 29. Rf1 Rb3 30. Rd1 Rxd3 31. Rxd3 Bxe4 32. Kc2 Qc4+ 33. Kd2 Bxd3 34. Qxd3 Qxf4+ 35. Kc3 Qxh2 36. b4 Qe5+ 37. Kb3 axb4 38. axb4 Kf8 39. Qa6 Qd5+ 40. Kc3 Qd1 41. Qc8+ Kg7 42. Qd8 Qa1+ 43. Kb3 d5 44. b5 Qb1+ 45. Ka4 Qa2+ 46. Kb4 Qc4+ 47. Ka5 Qa2+ 48. Kb4 Qb1+ 49. Ka5 Qa1+ 50. Kb4 Qa7 51. b6 Qa1 52. Qf6+ Qxf6 53. gxf6+ Kxf6 54. b7 h5 55. b8Q g5 56. Kc3 Kf5 57. Qb1+ Kf6 58. Qf1+ Kg6 59. Kd4 f6 60. Qe2 h4 61. Qxe6 Kh5 62. Qf5 h3 63. Qxh3+ Kg6 64. Kxd5 1-0

[Event "ITA-ch U16"]
[Site "Merano"]
[Date "2008.07.10"]
[Round "6"]
[White "Coladangelo, Andrea"]
[Black "Forato, Enrico"]
[Result "0-1"]
[WhiteElo "1866"]
[BlackElo "2059"]
[PlyCount "92"]
[EventDate "2008.07.06"]
[EventType "swiss"]
[EventRounds "9"]
[EventCountry "ITA"]
[SourceTitle "EXT 2011"]
[Source "ChessBase"]
[SourceDate "2010.11.26"]
[SourceVersion "1"]
[SourceVersionDate "2010.11.26"]
[SourceQuality "1"]

1. e4 c5 2. Nf3 d6 3. d4 cxd4 4. Nxd4 Nf6 5. Nc3 a6 6. Bg5 e6 7. f4 Be7 8. Qf3 Nbd7 9. 0-0-0 Qc7 10. g4 h6 11. Bxf6 Bxf6 12. h4 g5 13. hxg5 hxg5 14. Rxh8+ Bxh8 15. fxg5 Qa5 16. Nb3 Qxg5+ 17. Kb1 Be5 18. a4 Nf6 19. Be2 Bd7 20. Nd4 Ke7 21. Qh3 Rg8 22. Nf3 Qxg4 23. Qxg4 Nxg4 24. Rg1 Bxc3 25. bxc3 Nf6 26. Rxg8 Nxg8 27. a5 Kf6 28. Kb2 Ne7 29. Nd4 Nc6 30. Nb3 Ke5 31. Bd3 Kf4 32. c4 e5 33. c5 dxc5 34. Nxc5 Bc8 35. Nb3 Be6 36. Nc5 Nxa5 37. Nxe6+ fxe6 38. Kc3 Nc6 39. Kc4 b6 40. Kb3 b5 41. c4 Na5+ 42. Kb4 Nxc4 43. Kc5 Ke3 44. Bc2 Kd2 45. Bb1 Kc3 46. Ba2 Kb2 0-1

[Event "ITA-ch U16"]
[Site "Merano"]
[Date "2008.07.08"]
[Round "3"]
[White "Coladangelo, Andrea"]
[Black "Rombaldoni, Axel"]
[Result "0-1"]
[WhiteElo "1866"]
[BlackElo "2374"]
[PlyCount "76"]
[EventDate "2008.07.06"]
[EventType "swiss"]
[EventRounds "9"]
[EventCountry "ITA"]
[SourceTitle "EXT 2011"]
[Source "ChessBase"]
[SourceDate "2010.11.26"]
[SourceVersion "1"]
[SourceVersionDate "2010.11.26"]
[SourceQuality "1"]

1. e4 c5 2. Nf3 a6 3. d4 cxd4 4. Nxd4 Nf6 5. Nc3 e5 6. Nb3 Bb4 7. Bd3 d5 8. exd5 Qxd5 9. 0-0 Bxc3 10. bxc3 0-0 11. c4 Qc6 12. f3 Be6 13. Qe2 Nbd7 14. Bb2 Rac8 15. Bxe5 Nxe5 16. Qxe5 Bxc4 17. Rfe1 Rfe8 18. Qg3 Bxd3 19. cxd3 Qd5 20. d4 Nd7 21. Rxe8+ Rxe8 22. Re1 Rc8 23. Qf2 a5 24. Rc1 Rxc1+ 25. Nxc1 Qc4 26. Qd2 Nf6 27. Ne2 h6 28. Kf2 a4 29. Nc3 b5 30. a3 Qb3 31. Ke2 Ne8 32. Qd3 Nd6 33. Nb1 Qb2+ 34. Kf1 Nc4 35. d5 Qxb1+ 36. Qxb1 Nd2+ 37. Ke2 Nxb1 38. d6 Kf8 0-1

[Event "ITA-ch U16"]
[Site "Merano"]
[Date "2008.07.08"]
[Round "4"]
[White "Gant, Francesco"]
[Black "Coladangelo, Andrea"]
[Result "0-1"]
[WhiteElo "1491"]
[BlackElo "1866"]
[PlyCount "82"]
[EventDate "2008.07.06"]
[EventType "swiss"]
[EventRounds "9"]
[EventCountry "ITA"]
[SourceTitle "EXT 2011"]
[Source "ChessBase"]
[SourceDate "2010.11.26"]
[SourceVersion "1"]
[SourceVersionDate "2010.11.26"]
[SourceQuality "1"]

1. Nf3 Nf6 2. b3 g6 3. Bb2 Bg7 4. e4 d6 5. h3 0-0 6. d3 Nc6 7. Be2 e5 8. Nbd2 Nh5 9. 0-0 Nf4 10. Nc4 f5 11. Ne3 Ne7 12. Nd2 Nxe2+ 13. Qxe2 f4 14. Ng4 g5 15. c3 c5 16. d4 Kh8 17. dxe5 dxe5 18. c4 Ng6 19. Rfd1 Qe7 20. Nf3 h5 21. Ngh2 g4 22. hxg4 hxg4 23. Ne1 Qh4 24. Bc1 Bf6 25. Rd3 Rf7 26. g3 Qh5 27. f3 fxg3 28. Nxg4 Rh7 29. Qg2 Bh4 30. Nc2 Bxg4 31. fxg4 Qxg4 32. Ne3 Qh5 33. Nf5 Nf4 34. Bxf4 exf4 35. Nxh4 Qxh4 36. Rf1 Rf8 37. Rxg3 Qf6 38. Rg4 Qd4+ 39. Rf2 f3 40. Qf1 Rf6 41. Rg3 Rfh6 0-1

[Event "Milan Crespi op-B 28th"]
[Site "Milan"]
[Date "2007.12.07"]
[Round "3"]
[White "Costanza, Calogero"]
[Black "Coladangelo, Andrea"]
[Result "0-1"]
[WhiteElo "1655"]
[BlackElo "1809"]
[PlyCount "52"]
[EventDate "2007.12.06"]
[EventType "swiss"]
[EventRounds "6"]
[EventCountry "ITA"]
[SourceTitle "EXT 2009"]
[Source "ChessBase"]
[SourceDate "2008.11.26"]
[SourceVersion "1"]
[SourceVersionDate "2008.11.26"]
[SourceQuality "1"]

1. d4 Nf6 2. c4 g6 3. Nc3 Bg7 4. e4 d6 5. f3 0-0 6. Be3 Nc6 7. Nge2 a6 8. Qd2 Rb8 9. Bh6 b5 10. Bxg7 Kxg7 11. Nf4 bxc4 12. Bxc4 e5 13. dxe5 dxe5 14. Qxd8 Rxd8 15. Nfd5 Rxb2 16. 0-0 Nxd5 17. Nxd5 Be6 18. Rac1 Nd4 19. Bxa6 c6 20. Nc7 Rxa2 21. Nxe6+ Nxe6 22. Rxc6 Rdd2 23. Rb1 Rxg2+ 24. Kh1 Rxh2+ 25. Kg1 Nd4 26. Rcb6 Nxf3+ 0-1

[Event "Gorgonzola op-B 12th"]
[Site "Gorgonzola"]
[Date "2007.11.18"]
[Round "6"]
[White "Ciciotti, Augusto Walter"]
[Black "Coladangelo, Andrea"]
[Result "0-1"]
[WhiteElo "1877"]
[BlackElo "1809"]
[PlyCount "76"]
[EventDate "2007.11.10"]
[EventType "swiss"]
[EventRounds "6"]
[EventCountry "ITA"]
[SourceTitle "EXT 2010"]
[Source "ChessBase"]
[SourceDate "2010.11.25"]
[SourceVersion "1"]
[SourceVersionDate "2010.11.25"]
[SourceQuality "1"]

1. d4 Nf6 2. c4 g6 3. Nc3 Bg7 4. Nf3 d6 5. g3 0-0 6. Bg2 c5 7. d5 Bd7 8. 0-0 Qc8 9. e4 Bh3 10. Re1 Bxg2 11. Kxg2 Ng4 12. h3 Ne5 13. Nd2 Nd3 14. Re3 Nxc1 15. Rxc1 Nd7 16. f4 a6 17. Nf3 b5 18. Qe2 bxc4 19. Qxc4 Nb6 20. Qe2 Qb7 21. Rd1 Rfd8 22. Kh2 Rab8 23. b3 Rbc8 24. a3 a5 25. Qb5 Qa7 26. Ne2 c4 27. Ned4 Rc5 28. Nc6 Qc7 29. Qxc5 dxc5 30. Nxd8 Qxd8 31. bxc4 Nxc4 32. Rb3 a4 33. Rb5 Nxa3 34. Rxc5 Qb6 35. Rc8+ Bf8 36. Kg2 Nb5 37. Ne5 Nd6 38. Nd7 Qb2+ 0-1

[Event "Gorgonzola op-B 12th"]
[Site "Gorgonzola"]
[Date "2007.11.11"]
[Round "3"]
[White "Coladangelo, Andrea"]
[Black "Arboscelli, Gregorio"]
[Result "1/2-1/2"]
[WhiteElo "1809"]
[BlackElo "1913"]
[PlyCount "47"]
[EventDate "2007.11.10"]
[EventType "swiss"]
[EventRounds "6"]
[EventCountry "ITA"]
[SourceTitle "EXT 2010"]
[Source "ChessBase"]
[SourceDate "2010.11.25"]
[SourceVersion "1"]
[SourceVersionDate "2010.11.25"]
[SourceQuality "1"]

1. e4 e5 2. Nf3 Nc6 3. d4 exd4 4. Nxd4 Nf6 5. Nxc6 bxc6 6. e5 Nd5 7. c4 Bb4+ 8. Bd2 Bxd2+ 9. Nxd2 Nf4 10. g3 Ne6 11. Bg2 0-0 12. 0-0 Rb8 13. b3 c5 14. f4 f6 15. Re1 fxe5 16. Rxe5 d6 17. Re1 Nd4 18. Nf3 Bg4 19. h3 Nxf3+ 20. Bxf3 Bxh3 21. Qd5+ Kh8 22. Re2 Qf6 23. Rae1 Bc8 24. Re7 1/2-1/2

[Event "ITA-ch U20"]
[Site "Fiuggi"]
[Date "2007.07.21"]
[Round "4"]
[White "Santagati, Alessandro"]
[Black "Coladangelo, Andrea"]
[Result "1/2-1/2"]
[WhiteElo "2141"]
[BlackElo "1783"]
[PlyCount "82"]
[EventDate "2007.07.18"]
[EventType "swiss"]
[EventRounds "9"]
[EventCountry "ITA"]
[SourceTitle "CBM 119 Extra"]
[Source "ChessBase"]
[SourceDate "2007.09.04"]
[SourceVersion "1"]
[SourceVersionDate "2007.09.04"]
[SourceQuality "1"]

1. d4 Nf6 2. Nf3 d5 3. c4 e6 4. e3 b6 5. Nc3 Bb7 6. cxd5 Nxd5 7. Bd3 Nxc3 8. bxc3 Nd7 9. 0-0 Bd6 10. e4 c5 11. e5 Be7 12. Qe2 0-0 13. Rd1 cxd4 14. cxd4 Bd5 15. Be4 Bxe4 16. Qxe4 Nc5 17. Qg4 Kh8 18. Bg5 Na6 19. d5 exd5 20. Bxe7 Qxe7 21. Rxd5 Rad8 22. Rad1 Rxd5 23. Rxd5 Rd8 24. Rxd8+ Qxd8 25. Ng5 Qc7 26. Nxf7+ Kg8 27. Nh6+ Kh8 28. Qf4 Qc8 29. Nf7+ Kg8 30. Nd6 Qe6 31. Qa4 Nc5 32. Qxa7 h6 33. Qxb6 Qxa2 34. g3 Qa1+ 35. Kg2 Qxe5 36. Qd8+ Kh7 37. Qh8+ Kg6 38. Qf8 Qd5+ 39. f3 Qe6 40. Ne8 Qe2+ 41. Kh3 Ne6 1/2-1/2

[Event "ITA-ch U20"]
[Site "Bratto"]
[Date "2006.08.23"]
[Round "5"]
[White "Cantu, Guido"]
[Black "Coladangelo, Andrea"]
[Result "1/2-1/2"]
[WhiteElo "1842"]
[BlackElo "1548"]
[PlyCount "70"]
[EventDate "2006.08.19"]
[EventType "swiss"]
[EventRounds "9"]
[EventCountry "ITA"]
[SourceTitle "CBM 113 Extra"]
[Source "ChessBase"]
[SourceDate "2006.09.14"]
[SourceVersion "1"]
[SourceVersionDate "2006.09.14"]
[SourceQuality "1"]

1. e4 e5 2. Nf3 Nc6 3. d4 exd4 4. Nxd4 Qh4 5. Nc3 Bb4 6. Ndb5 Ba5 7. Bd3 Nf6 8. 0-0 a6 9. Na3 0-0 10. f3 b5 11. Ne2 Bb6+ 12. Kh1 Nh5 13. Qe1 Qxe1 14. Rxe1 d6 15. Nf4 Nxf4 16. Bxf4 Ne5 17. Rad1 Be6 18. b3 Bc5 19. Nb1 Rfb8 20. Be3 Bxe3 21. Rxe3 a5 22. Nc3 b4 23. Nd5 Bxd5 24. exd5 Nxd3 25. Rdxd3 a4 26. Kg1 axb3 27. axb3 Re8 28. Rxe8+ Rxe8 29. Rd4 Rb8 30. Rc4 Rb7 31. Kf2 Kf8 32. Ke3 Ke7 33. Re4+ Kf6 34. Rf4+ Ke7 35. Re4+ Kf6 1/2-1/2

[Event "ITA-ch U20"]
[Site "Bratto"]
[Date "2006.08.21"]
[Round "3"]
[White "Parodi, Alessandro"]
[Black "Coladangelo, Andrea"]
[Result "1-0"]
[WhiteElo "1918"]
[BlackElo "1548"]
[PlyCount "79"]
[EventDate "2006.08.19"]
[EventType "swiss"]
[EventRounds "9"]
[EventCountry "ITA"]
[SourceTitle "CBM 113 Extra"]
[Source "ChessBase"]
[SourceDate "2006.09.14"]
[SourceVersion "1"]
[SourceVersionDate "2006.09.14"]
[SourceQuality "1"]

1. d4 Nf6 2. c4 g6 3. Nc3 Bg7 4. e4 d6 5. f3 0-0 6. Be3 e5 7. d5 a5 8. Qd2 Na6 9. Bd3 Nd7 10. Nge2 Ndc5 11. Bc2 Bd7 12. 0-0 b6 13. b3 h5 14. a3 Kh7 15. Rfb1 Rh8 16. b4 Nb7 17. Nc1 Kg8 18. Nd3 f5 19. Ba4 Bxa4 20. Nxa4 f4 21. Bf2 Bf8 22. Qc2 axb4 23. axb4 g5 24. Nc3 g4 25. Ra2 Qg5 26. Kf1 g3 27. Bg1 h4 28. h3 Qd8 29. Rba1 Qc8 30. Rxa6 Rxa6 31. Rxa6 Nd8 32. Qa4 Nf7 33. Ra8 Qb7 34. Qa7 Qxa7 35. Rxa7 Ng5 36. Rxc7 Rh6 37. Bxb6 Nxh3 38. gxh3 g2+ 39. Kg1 Rg6 40. Ne2 1-0